[Event "Wch FIDE Online U10 Girls Asia qual"]
[Site "Tornelo INT"]
[Date "2020.12.13"]
[Round "6"]
[White "Japparbekova, Malika"]
[Black "Sezdbekova, Aizhan"]
[Result "1-0"]
[WhiteElo "1367"]
[BlackElo "1442"]
[PlyCount "119"]
[EventDate "2020.12.11"]
[EventType "swiss (rapid)"]
[EventRounds "7"]
[EventCountry "ISS"]
[SourceTitle "EXT 2022"]
[Source "ChessBase"]
[SourceDate "2021.10.06"]
[SourceVersion "1"]
[SourceVersionDate "2021.10.06"]
[SourceQuality "1"]

1. e4 e5 2. Nf3 Nc6 3. Bb5 a6 4. Ba4 Nf6 5. d3 d6 6. h3 Be7 7. 0-0 0-0 8. Nbd2 Be6 9. c3 b5 10. Bc2 h6 11. Re1 Nh7 12. Nf1 f5 13. d4 fxe4 14. Bxe4 d5 15. Bxh7+ Kxh7 16. Nxe5 Nxe5 17. Rxe5 Qd7 18. Qe2 Rf6 19. Ng3 Bd6 20. Re3 Raf8 21. Nh1 Qf7 22. Bd2 Bf5 23. Rf3 Be4 24. Rxf6 Qxf6 25. Be3 Qg6 26. Qf1 Bf3 27. Re1 Be4 28. Rd1 c6 29. Rd2 Bf3 30. b4 Bc7 31. a3 Qd6 32. Ng3 Be4 33. f4 Qg6 34. Nxe4 Qxe4 35. Re2 Bxf4 36. Bxf4 Rxf4 37. Rxe4 Rxf1+ 38. Kxf1 dxe4 39. Ke2 Kg6 40. g4 Kf6 41. Ke3 Ke6 42. Kxe4 g5 43. Ke3 Kd5 44. Kd3 Ke6 45. Ke4 Kf6 46. d5 cxd5+ 47. Kxd5 Kg6 48. Ke6 h5 49. gxh5+ Kxh5 50. Kf5 Kh4 51. Kg6 Kxh3 52. Kxg5 Kg3 53. Kf5 Kf3 54. Ke5 Ke3 55. Kd5 Kd3 56. Kc5 Kxc3 57. Kb6 Kb3 58. Kxa6 Ka4 59. Kb6 Kxa3 60. Kxb5 1-0